| 000 | 01386nam a2200301 i 4500 | ||
|---|---|---|---|
| 001 | 130711 | ||
| 003 | ES-MaACL | ||
| 005 | 20250804101255.0 | ||
| 007 | t| | ||
| 008 | 070806s2006 sp |||| |bspa d | ||
| 017 |
_aM 42619-2006 _bOficina Depósito Legal Madrid |
||
| 040 | _cES-MaACL | ||
| 080 | _a821.134.2 Baroja, Pío (060.64) | ||
| 080 | _a929 Baroja, Pío (060.64) | ||
| 245 | 0 | 0 |
_aBaroja, kilómetro cero : _bcincuenta aniversario de Pío Baroja : [exposición] / _c[organiza, Dirección General de Archivos, Museos y Bibliotecas de la Comunidad de Madrid ; textos, Guadalupe Rubio de Urquía] |
| 260 |
_a[Madrid] : _bComunidad de Madrid, Dirección General de Archivos, Museos y Bibliotecas, _c[2006] |
||
| 300 |
_a242 páginas : _bilustraciones (color) ; _c24 x 21 cm |
||
| 500 | _aÍndice | ||
| 504 | _aBibliografía: páginas 241-242 | ||
| 600 | 1 | 4 |
_aBaroja, Pío, _d1872-1956- _vExposiciones _925757 |
| 655 | 7 |
_aCatálogos de exposiciones _2tgfbne _9193628 |
|
| 700 | 1 |
_aRubio de Urquía, Guadalupe _9100401 _eaut |
|
| 710 | 1 |
_aMadrid (Comunidad Autónoma). _bDirección General de Archivos, Museos y Bibliotecas _eedt _9166765 |
|
| 852 |
_aES-MaACL _cHEM _hDonación Comunidad de Madrid _jN-1658 _9135477 |
||
| 852 | 4 |
_aES-MaACL _jN-8222 _cDEPOJ _zX-29 _zDuplicado _9135476 _hDonación: Editorial |
|
| 942 |
_n0 _cMONOGRAFIA |
||
| 999 |
_c130711 _d130711 |
||